[Event "BCF-chT3N 1718 (4NCL)"]
[Site "England"]
[Date "2018.05.05"]
[Round "9.93"]
[White "Harman, George"]
[Black "Johnson, Paul A"]
[Result "0-1"]
[WhiteElo "1482"]
[BlackElo "1831"]
[PlyCount "163"]
[EventDate "2017.11.11"]
[EventType "team-swiss"]
[EventRounds "11"]
[EventCountry "ENG"]
[SourceTitle "EXT 2020"]
[Source "ChessBase"]
[SourceDate "2019.10.17"]
[SourceVersion "1"]
[SourceVersionDate "2019.10.17"]
[SourceQuality "1"]
[WhiteTeam "3CS Oldham III"]
[BlackTeam "Bradford DCA Knights III"]
[WhiteTeamCountry "ENG"]
[BlackTeamCountry "ENG"]

1. e4 e5 2. Nf3 Nc6 3. Bb5 a6 4. Ba4 Nf6 5. d3 d6 6. h3 b5 7. Bb3 Be7 8. Nc3 Bd7 9. Nd5 Nxd5 10. Bxd5 Rb8 11. Be3 0-0 12. 0-0 Bf6 13. c3 Qe7 14. Re1 Nd8 15. Bb3 c5 16. Bc2 Nc6 17. d4 cxd4 18. cxd4 Rfc8 19. Rc1 exd4 20. Bxd4 Nxd4 21. Nxd4 Bxd4 22. Qxd4 Rc4 23. Qd3 Qe5 24. Bb3 Rxc1 25. Rxc1 Rc8 26. Rd1 Rc6 27. Bd5 Rc7 28. Ba8 Qxb2 29. Qxd6 Qc2 30. Rd2 Qc1+ 31. Kh2 h6 32. Bd5 Be8 33. Rd1 Qc5 34. e5 Qxd6 35. exd6 Ra7 36. Bf3 Bd7 37. Rc1 Kf8 38. Re1 Be6 39. Bc6 b4 40. f4 g6 41. g4 a5 42. f5 gxf5 43. gxf5 Bxf5 44. Re8+ Kg7 45. Re7 Ra6 46. d7 Bxd7 47. Bxd7 Ra7 48. Re5 Rxd7 49. Rxa5 Rb7 50. Rf5 Ra7 51. Rf2 Ra3 52. Rg2+ Kf6 53. h4 Ke5 54. Rb2 Ra4 55. Kg3 f5 56. Kf3 Ra3+ 57. Kg2 Ra4 58. Kf3 Kd5 59. Ke3 f4+ 60. Kf3 Ke5 61. Kg4 Kf6 62. Rf2 h5+ 63. Kxf4 Ra5 64. Ke4+ Ke6 65. Kd4 Ra3 66. Kc4 Rh3 67. Rf4 Ke5 68. Rf2 Rxh4+ 69. Kb3 Rd4 70. Rh2 h4 71. Rh3 Rg4 72. Ka4 Kf5 73. Kb5 Kg5 74. Rb3 Rg2 75. a4 bxa3 76. Rxa3 Rg3 77. Ra8 h3 78. Rg8+ Kf4 79. Rh8 Kf3 80. Kc4 Kg2 81. Kd4 h2 82. Rxh2+ 0-1

[Event "BCF-ch U14"]
[Site "Llandudno"]
[Date "2017.08.02"]
[Round "4"]
[White "Rushbrooke, Remy"]
[Black "Harman, George"]
[Result "1-0"]
[WhiteElo "1909"]
[BlackElo "1558"]
[PlyCount "37"]
[EventDate "2017.07.30"]
[EventType "swiss"]
[EventRounds "7"]
[EventCountry "WLS"]
[SourceTitle "CBM 179 Extra"]
[Source "ChessBase"]
[SourceDate "2017.08.23"]
[SourceVersion "1"]
[SourceVersionDate "2017.08.23"]
[SourceQuality "1"]

1. d4 Nf6 2. Nc3 d6 3. e4 g6 4. Nf3 Bg7 5. Be2 0-0 6. h3 c6 7. a4 Na6 8. 0-0 Nc7 9. Be3 d5 10. e5 Nfe8 11. Qd2 Ne6 12. Bh6 Bd7 13. Bd3 Qb6 14. a5 Qc7 15. Ne2 c5 16. Bxg7 N8xg7 17. dxc5 Nxc5 18. Qh6 Nxd3 19. Ng5 1-0